000
00243nam a2200097Ia 4500
001
711443
005
20250826162808.0
008
250824s9999 xx 000 0 und d
245
0
_a
FÜREYA
_c
Yazar Adı Belirtilmemiş
260
_b
EVEREST YAYINLARI
999
_c
711443
_d
711443